[Event "European Youth Chess Championship B10"]
[Site "Prague, Top Hotel Prague"]
[Date "2016.08.26"]
[Round "8.30"]
[White "Tham, Nam"]
[Black "Rousis, Chrysostomos"]
[Result "1-0"]
[WhiteElo "1698"]
[BlackElo "1443"]
[PlyCount "91"]
[EventDate "2016.08.18"]

1. e4 c6 2. Nc3 d5 3. Nf3 dxe4 4. Nxe4 Bf5 5. Ng3 Bg6 6. h4 h6 7. h5 Bh7 8. Bc4
e6 9. d4 Nd7 10. Bf4 Ngf6 11. Qe2 Be7 12. c3 O-O 13. O-O Re8 14. Rfe1 b5 15.
Bb3 a5 16. a4 Qb6 17. Ne5 Nxe5 18. Bxe5 Nd7 19. Bf4 b4 20. Bc2 Bxc2 21. Qxc2 c5
22. Be3 cxd4 23. Bxd4 Bc5 24. Be3 Bxe3 25. Rxe3 Rec8 26. Rc1 Ra7 27. b3 bxc3
28. Rxc3 Rxc3 29. Qxc3 Rb7 30. Ne4 Qxb3 31. Qc8+ Kh7 32. Nd6 Rb6 33. Nxf7 Rb8
34. Qxd7 Rb7 35. Qe8 Rb8 36. Nd8 Qb2 37. Qg6+ Kh8 38. Nf7+ Kg8 39. Nxh6+ Kh8
40. Nf7+ Kg8 41. Re1 Qd2 42. Qxe6 Kh7 43. h6 Rb6 44. Qe4+ g6 45. Qe8 Qb2 46.
Qf8 1-0

[Event "European Youth Chess Championship B10"]
[Site "Prague, Top Hotel Prague"]
[Date "2016.08.26"]
[Round "8.31"]
[White "Eilenberg, Jonas"]
[Black "Unguroiu, Razvan-Marius"]
[Result "1/2-1/2"]
[WhiteElo "1634"]
[BlackElo "1450"]
[PlyCount "66"]
[EventDate "2016.08.18"]

1. d4 d5 2. c4 e6 3. Nc3 Nf6 4. cxd5 exd5 5. Bg5 Be7 6. e3 O-O 7. Bd3 Re8 8.
Nf3 c6 9. O-O Nbd7 10. Rc1 Ne4 11. Bxe4 Bxg5 12. Bd3 Bf6 13. b4 a6 14. a4 Nf8
15. b5 axb5 16. axb5 Bd7 17. Qb3 Qe7 18. Ra1 Ne6 19. Qc2 g6 20. Ne5 Bxe5 21.
dxe5 Nc5 22. f4 Nxd3 23. Qxd3 Bf5 24. Qd4 Ra3 25. h3 h5 26. Rac1 Rc8 27. e4
dxe4 28. Nxe4 cxb5 29. Nf6+ Kg7 30. g4 Rxc1 31. Rxc1 hxg4 32. hxg4 Bxg4 33. Rc7
Qe6 1/2-1/2

[Event "European Youth Chess Championship B10"]
[Site "Prague, Top Hotel Prague"]
[Date "2016.08.26"]
[Round "8.32"]
[White "Bogusz, Alan"]
[Black "Akin, Yagiz Cinar"]
[Result "1/2-1/2"]
[WhiteElo "1428"]
[BlackElo "1607"]
[PlyCount "85"]
[EventDate "2016.08.18"]

1. e4 c5 2. Nf3 Nc6 3. d4 cxd4 4. Nxd4 e5 5. Nb5 a6 6. Nd6+ Bxd6 7. Qxd6 Qe7 8.
Qc7 d6 9. Qb6 Nf6 10. Nc3 h6 11. Bd3 O-O 12. O-O Be6 13. Qe3 Nd4 14. Ne2 Nxe2+
15. Qxe2 d5 16. b3 Rac8 17. Bb2 d4 18. a4 Qc7 19. Rac1 Qa5 20. Ba3 Rfe8 21. Bb2
Rc6 22. h3 Rd8 23. f4 Rdc8 24. f5 Bd7 25. g4 Nh7 26. h4 Qd8 27. Qh2 Qf6 28.
Rce1 Kf8 29. Bc1 Ke7 30. Bb2 Kd8 31. Rd1 R8c7 32. b4 Rb6 33. Ba3 Bxa4 34. Rd2
Bb5 35. Rff2 Bxd3 36. Rxd3 Rbc6 37. Bb2 Rc4 38. c3 Kc8 39. Rc2 dxc3 40. Rdxc3
Qb6+ 41. Kh1 Rxc3 42. Rxc3 Rxc3 43. Bxc3 1/2-1/2

[Event "European Youth Chess Championship B10"]
[Site "Prague, Top Hotel Prague"]
[Date "2016.08.26"]
[Round "8.33"]
[White "Gherghinoiu, Lucas"]
[Black "Damjanovic, Vuk"]
[Result "1/2-1/2"]
[WhiteElo "1573"]
[BlackElo "1412"]
[PlyCount "186"]
[EventDate "2016.08.18"]

1. e4 c5 2. Nf3 e6 3. d4 cxd4 4. Nxd4 a6 5. Nc3 b5 6. f4 Bb7 7. Bd3 d6 8. O-O
Nd7 9. Qe2 Qc7 10. Bd2 Ngf6 11. Rae1 h5 12. Nf3 e5 13. fxe5 dxe5 14. Nh4 g6 15.
Qf3 Bg7 16. Bg5 O-O 17. Qe3 Rac8 18. Kh1 Qc6 19. h3 b4 20. Nb1 a5 21. Nd2 Ba6
22. Rc1 Qd6 23. Nhf3 Rc7 24. Rfd1 Rfc8 25. Nc4 Bxc4 26. Bxc4 Qc5 27. Qxc5 Rxc5
28. Bd3 Kh7 29. Be3 R5c7 30. Bf2 Bh6 31. Rb1 Bf4 32. Kg1 Ng8 33. Kf1 f6 34. Ke2
Nc5 35. Ne1 Nxd3 36. cxd3 a4 37. b3 a3 38. Be3 Bxe3 39. Kxe3 Ne7 40. Kd2 f5 41.
exf5 gxf5 42. Rbc1 Nd5 43. Rxc7+ Rxc7 44. Rc1 Rxc1 45. Kxc1 Nc3 46. Nf3 Nxa2+
47. Kc2 e4 48. dxe4 fxe4 49. Ng5+ Kg6 50. Nxe4 Kf5 51. Ng3+ Kg5 52. Ne2 Kh4 53.
g4 hxg4 54. hxg4 Kxg4 55. Nd4 Nc3 56. Nc6 Nd5 57. Nd4 Kf4 58. Ne2+ Ke3 59. Nc1
Kd4 60. Ne2+ Kc5 61. Nc1 Nf4 62. Na2 Ne2 63. Kd2 Nd4 64. Nc1 Kd5 65. Kd3 Kc5
66. Kd2 Nf3+ 67. Kd3 Ne5+ 68. Ke4 Nf7 69. Na2 Nd8 70. Nc1 Nc6 71. Nd3+ Kb5 72.
Nc1 Nd8 73. Kd5 Nb7 74. Na2 Nc5 75. Nc1 Nd3 76. Na2 Nb2 77. Kd4 Nd1 78. Kd3 Kc5
79. Kd2 Nf2 80. Ke2 Ne4 81. Kd3 Nf6 82. Kd2 Ne4+ 83. Kd3 Nd6 84. Kd2 Nb5 85.
Kd3 Nd4 86. Nc1 Nc6 87. Ke4 Na5 88. Kd3 Kd5 89. Na2 Kc5 90. Nc1 Kb5 91. Kc2 Nc6
92. Kd3 Kc5 93. Ke4 Nd4 1/2-1/2

[Event "European Youth Chess Championship B10"]
[Site "Prague, Top Hotel Prague"]
[Date "2016.08.26"]
[Round "8.34"]
[White "Caputcuoglu, Zeki Berke"]
[Black "Juchelka, Marek"]
[Result "1-0"]
[WhiteElo "1569"]
[BlackElo "1362"]
[PlyCount "37"]
[EventDate "2016.08.18"]

1. e4 c5 2. Nf3 d6 3. d4 cxd4 4. Qxd4 Nc6 5. Bb5 a6 6. Bxc6+ bxc6 7. Nc3 Nf6 8.
Bg5 c5 9. Qd3 g6 10. Bxf6 exf6 11. O-O-O f5 12. Rhe1 Bh6+ 13. Kb1 O-O 14. Qxd6
Qa5 15. Rd5 Qb4 16. exf5 Bb7 17. a3 Qg4 18. Rd3 Qxg2 19. Rg1 1-0

[Event "European Youth Chess Championship B10"]
[Site "Prague, Top Hotel Prague"]
[Date "2016.08.26"]
[Round "8.35"]
[White "Brass, Ezra"]
[Black "Sultanahmedov, Bulat"]
[Result "1-0"]
[WhiteElo "1529"]
[BlackElo "1356"]
[PlyCount "99"]
[EventDate "2016.08.18"]

1. e4 e5 2. Nf3 Nc6 3. Bb5 a6 4. Ba4 d6 5. O-O Bd7 6. c3 Nge7 7. d4 g6 8. Re1
Bg7 9. Be3 O-O 10. Nbd2 h6 11. dxe5 dxe5 12. Bb3 Kh7 13. Bc5 f5 14. exf5 Bxf5
15. Nh4 Bd7 16. Qc2 b6 17. Ba3 Qe8 18. Nhf3 Bf5 19. Qc1 b5 20. Bc5 Rd8 21. a3
Na5 22. Ba2 Nb7 23. Be3 Nd5 24. Nf1 Bg4 25. N3d2 c5 26. Nb3 c4 27. Nc5 Nxe3 28.
Qxe3 Nxc5 29. Qxc5 Qf7 30. f3 Be6 31. Kh1 Rfe8 32. Rad1 Rb8 33. Ng3 Kh8 34. Ne4
Rec8 35. Qf2 Qe7 36. Qg3 Kh7 37. Bb1 Rc6 38. h4 Bf5 39. h5 Rbb6 40. f4 Qf7 41.
fxe5 Bxe5 42. Qxe5 Re6 43. Qd5 Qe7 44. Qd7 Rb7 45. Nf6+ Kg7 46. Qxe7+ Rbxe7 47.
Rxe6 Rxe6 48. Bxf5 gxf5 49. Nd5 Re2 50. Rb1 1-0

[Event "European Youth Chess Championship B10"]
[Site "Prague, Top Hotel Prague"]
[Date "2016.08.26"]
[Round "8.36"]
[White "Vergara, Anton Diego"]
[Black "Dias, Savin"]
[Result "0-1"]
[WhiteElo "1436"]
[BlackElo "1516"]
[PlyCount "120"]
[EventDate "2016.08.18"]

1. e4 c5 2. Nf3 d6 3. d4 cxd4 4. Nxd4 Nf6 5. Nc3 g6 6. Be3 Bg7 7. f3 O-O 8. Bc4
Nc6 9. Qd2 Bd7 10. O-O-O Rc8 11. Bb3 Ne5 12. g4 Nc4 13. Bxc4 Rxc4 14. Kb1 b5
15. b3 Rc8 16. Nde2 b4 17. Nd5 Nxd5 18. Qxd5 Qc7 19. Qd2 a5 20. Bd4 a4 21. Bxg7
Kxg7 22. h4 h6 23. Rc1 Qa5 24. Qd4+ Kh7 25. Qd5 Rc5 26. Qd2 Ra8 27. Rhd1 Ra6
28. Nd4 Rc3 29. Ne2 Rxf3 30. Rf1 Rxf1 31. Rxf1 Be8 32. Nd4 a3 33. Qd3 Ra8 34.
Qc4 Qc5 35. Qxc5 dxc5 36. Ne2 Rd8 37. Kc1 Kg7 38. Nf4 Bc6 39. Re1 Rd4 40. Nd3
c4 41. Nf2 cxb3 42. cxb3 f6 43. e5 Bd5 44. exf6+ Kxf6 45. Re2 e5 46. Re3 e4 47.
Re2 Ke5 48. Nh3 Be6 49. Nf2 Kf4 50. Re1 Bxg4 51. Nxg4 Kxg4 52. Rg1+ Kh5 53. Rh1
e3 54. Re1 Rd2 55. Kb1 Rd3 56. Kc2 Rc3+ 57. Kb1 Kxh4 58. Re2 Kg3 59. Re1 Kf2
60. Rxe3 Rxe3 0-1

[Event "European Youth Chess Championship B10"]
[Site "Prague, Top Hotel Prague"]
[Date "2016.08.26"]
[Round "8.37"]
[White "Goncharenko, Oleksii"]
[Black "Jishkariani, Erekle"]
[Result "0-1"]
[WhiteElo "1418"]
[BlackElo "1505"]
[PlyCount "110"]
[EventDate "2016.08.18"]

1. Nf3 d5 2. c4 e6 3. d4 h6 4. Bf4 Bd6 5. Bg3 Bxg3 6. hxg3 Nf6 7. e3 Nc6 8. Nc3
O-O 9. cxd5 exd5 10. Bb5 Ne7 11. Rc1 c6 12. Bd3 Bg4 13. Qb3 Bxf3 14. gxf3 Qd7
15. Ne2 Ng6 16. Qc2 Ne7 17. g4 g6 18. Rxh6 Kg7 19. Rh1 Qc7 20. b3 Rh8 21. Kd2
Rh2 22. Rxh2 Qxh2 23. Qd1 Qxf2 24. Qf1 Qh2 25. Qh1 Rh8 26. Qxh2 Rxh2 27. Rf1
Nh7 28. f4 f6 29. a3 Kh6 30. Bb1 Rg2 31. Rg1 Rxg1 32. Nxg1 f5 33. gxf5 gxf5 34.
Nf3 Nf6 35. Nh4 Ne4+ 36. Bxe4 dxe4 37. Ng2 Kh5 38. Ne1 Kg4 39. Nc2 Kf3 40. Ne1+
Kf2 41. Nc2 Nd5 42. Nb4 Nxb4 43. axb4 b5 44. d5 cxd5 45. Kc3 Kxe3 46. Kc2 d4
47. Kd1 Kf2 48. Kd2 d3 49. Kd1 e3 50. Kc1 Ke2 51. Kb2 d2 52. Kc2 d1=Q+ 53. Kb2
Kd2 54. Ka2 Kc2 55. Ka3 Qa1# 0-1

[Event "European Youth Chess Championship B10"]
[Site "Prague, Top Hotel Prague"]
[Date "2016.08.26"]
[Round "8.38"]
[White "Aliyev, Farid"]
[Black "Bobkov, Timofey"]
[Result "0-1"]
[WhiteElo "1482"]
[BlackElo "1243"]
[PlyCount "114"]
[EventDate "2016.08.18"]

1. e4 e5 2. Nf3 Nc6 3. Bc4 Bc5 4. c3 Nf6 5. d4 exd4 6. cxd4 Bb4+ 7. Nc3 O-O 8.
e5 Ne4 9. Bd2 Bxc3 10. Bxc3 d5 11. Bd3 f6 12. Qb3 Nxc3 13. Qxc3 Bg4 14. Nd2 Qe7
15. O-O fxe5 16. dxe5 Qxe5 17. Qc2 Bf5 18. Nf3 Bxd3 19. Nxe5 Bxc2 20. Nxc6 bxc6
21. Rac1 Ba4 22. b3 Bb5 23. Rfd1 Rf6 24. Re1 Raf8 25. f3 Kf7 26. a4 Ba6 27. Re3
Re8 28. Kf2 Rfe6 29. Rxe6 Rxe6 30. Rc2 Kf6 31. b4 h6 32. Kg3 Rd6 33. h4 d4 34.
Kf2 d3 35. Rc1 Bc4 36. Ke3 Bb3 37. Kd2 Bxa4 38. Ra1 Bb5 39. g4 a6 40. f4 Rd4
41. g5+ hxg5 42. fxg5+ Kg6 43. Re1 Rxb4 44. Ke3 Rb2 45. Kf3 d2 46. Rh1 Ba4 47.
Kf4 d1=Q 48. h5+ Qxh5 49. Rxh5 Kxh5 50. Kg3 Kxg5 51. Kh3 Rb3+ 52. Kh2 Kg4 53.
Kh1 Rb2 54. Kg1 Bb5 55. Kh1 Kg3 56. Kg1 Rf2 57. Kh1 Rf1# 0-1

[Event "European Youth Chess Championship B10"]
[Site "Prague, Top Hotel Prague"]
[Date "2016.08.26"]
[Round "8.40"]
[White "Foughali, Younes"]
[Black "Prieb, Robert"]
[Result "1/2-1/2"]
[WhiteElo "1359"]
[BlackElo "1470"]
[PlyCount "100"]
[EventDate "2016.08.18"]

1. e4 c5 2. Nf3 d6 3. Bb5+ Bd7 4. Bxd7+ Qxd7 5. O-O Nc6 6. c3 Nf6 7. Qe2 e6 8.
d4 cxd4 9. cxd4 d5 10. e5 Ne4 11. Nbd2 Nxd2 12. Bxd2 Be7 13. Bc3 O-O 14. Rac1
Rfc8 15. Rc2 Nb4 16. Bxb4 Bxb4 17. Rfc1 h6 18. h3 Ba5 19. a3 Rc7 20. Rxc7 Bxc7
21. Qc2 Bb6 22. Qc3 a5 23. b3 a4 24. b4 Qb5 25. Rc2 Qd7 26. Ne1 Qe8 27. Nd3 Qb5
28. Nc5 Rc8 29. Qb2 Rc7 30. f3 Kf8 31. Kh2 Kg8 32. Qc1 Qc6 33. Rc3 Qb5 34. Qc2
Bxc5 35. Rxc5 Rxc5 36. Qxc5 Qc4 37. Qb6 Qc6 38. Qa5 Qa6 39. Qd8+ Kh7 40. Qd6
Qc6 41. Qxc6 bxc6 42. Kg1 Kg8 43. Kf2 Kf8 44. g4 Ke7 45. f4 Kd7 46. Ke3 Kc7 47.
Kd3 Kb6 48. h4 Kb5 49. g5 hxg5 50. hxg5 g6 1/2-1/2

[Event "European Youth Chess Championship B10"]
[Site "Prague, Top Hotel Prague"]
[Date "2016.08.26"]
[Round "8.43"]
[White "Werner, Hong Quan Dan"]
[Black "Yudin, Yakov"]
[Result "1/2-1/2"]
[WhiteElo "1586"]
[BlackElo "1407"]
[PlyCount "118"]
[EventDate "2016.08.18"]

1. e4 c5 2. Nf3 d6 3. d4 cxd4 4. Nxd4 Nf6 5. Nc3 a6 6. Be3 e5 7. Nb3 Be7 8. f3
Be6 9. Qd2 Nbd7 10. O-O-O O-O 11. g4 b5 12. g5 b4 13. Ne2 Ne8 14. h4 a5 15. Kb1
Nb6 16. Ng3 d5 17. Bxb6 Qxb6 18. exd5 Rd8 19. Qe2 Bxd5 20. Nf5 Qc7 21. Nxa5
Bxa2+ 22. Kxa2 Qxa5+ 23. Kb1 Rxd1+ 24. Qxd1 Qc7 25. Bd3 Nd6 26. Qd2 Nxf5 27.
Bxf5 Ra8 28. c3 Qa5 29. Kc1 Rd8 30. Qc2 Qa1+ 31. Qb1 Qxb1+ 32. Kxb1 bxc3 33.
bxc3 f6 34. g6 hxg6 35. Bxg6 Rc8 36. Kc2 Bb4 37. Kb3 Ba5 38. c4 Kf8 39. Rg1 Bb6
40. Rg2 Rb8 41. Ka4 Bc5 42. Rg4 Rb4+ 43. Ka5 Rb3 44. Be4 Rb4 45. Bd5 Rb1 46. f4
exf4 47. Rxf4 Rb6 48. Rf5 Bd4 49. Be4 Rb3 50. c5 Rc3 51. Kb6 Be5 52. c6 Rc4 53.
Bd5 Rxh4 54. Rxe5 fxe5 55. c7 Rh6+ 56. Kb7 Ke7 57. c8=Q Rh2 58. Qe6+ Kd8 59.
Kc6 Rh6 1/2-1/2

[Event "European Youth Chess Championship B10"]
[Site "Prague, Top Hotel Prague"]
[Date "2016.08.26"]
[Round "8.44"]
[White "Kienboeck, Benjamin"]
[Black "Djurovic, Peko"]
[Result "1-0"]
[WhiteElo "1434"]
[BlackElo "1577"]
[PlyCount "161"]
[EventDate "2016.08.18"]

1. e4 c5 2. Nf3 Nc6 3. d4 cxd4 4. Nxd4 Nf6 5. Nc3 e5 6. Ndb5 d6 7. Bg5 a6 8.
Na3 b5 9. Nd5 Be7 10. Bxf6 Bxf6 11. c3 Bg5 12. Nc2 O-O 13. a4 bxa4 14. Rxa4 a5
15. Bc4 Bd7 16. Ra2 a4 17. Bb5 Ra5 18. Bxa4 Ne7 19. Bb3 Nxd5 20. Bxd5 Rxa2 21.
Bxa2 Qb8 22. Nb4 Bb5 23. Bb1 Be3 24. Qf3 Bc1 25. b3 Qa7 26. c4 Qa5 27. Qc3 Ba3
28. Nd5 Qxc3+ 29. Nxc3 Ba6 30. O-O Bb2 31. Nd5 Bb7 32. Ne7+ Kh8 33. Rd1 Rd8 34.
c5 Bd4 35. c6 Bc8 36. Bd3 Re8 37. Nd5 Be6 38. Rc1 Bxd5 39. exd5 Rc8 40. Ba6 Rc7
41. b4 Kg8 42. Kf1 Kf8 43. Rc4 Bb6 44. Rc1 Bd4 45. f3 Ke7 46. Ke2 f5 47. Rc4
Bb6 48. Kd3 Kf6 49. Kc3 Ra7 50. Bb5 h6 51. Kb3 g5 52. Rc2 h5 53. Bd3 g4 54. h3
gxh3 55. gxh3 Kg5 56. Rc4 Kf6 57. h4 Kg6 58. Rc2 Kf6 59. Rg2 Be3 60. Rg8 Rc7
61. Rf8+ Kg6 62. Bxf5+ Kg7 63. Rd8 Kf6 64. Rd7 Rxd7 65. Bxd7 Bb6 66. Be8 Kf5
67. Bxh5 e4 68. fxe4+ Kxe4 69. Bf7 Kf5 70. Kc3 Kf6 71. Be6 Ke7 72. Kc4 Kd8 73.
h5 Be3 74. Kb5 Kc7 75. Ka6 Bf4 76. b5 Be3 77. h6 Kb8 78. h7 Bd4 79. b6 Ka8 80.
c7 Bxb6 81. c8=Q# 1-0

[Event "European Youth Chess Championship B10"]
[Site "Prague, Top Hotel Prague"]
[Date "2016.08.26"]
[Round "8.45"]
[White "Gotsiridze, Davit"]
[Black "Graf, Simon"]
[Result "0-1"]
[WhiteElo "1075"]
[BlackElo "1527"]
[PlyCount "68"]
[EventDate "2016.08.18"]

1. e4 e5 2. Nf3 Nc6 3. Bc4 Nf6 4. Ng5 d5 5. exd5 Na5 6. Bb5+ c6 7. dxc6 bxc6 8.
Qf3 Rb8 9. Bd3 Bc5 10. h3 O-O 11. O-O Qd5 12. Nc3 Qxf3 13. Nxf3 Re8 14. Re1 Rb7
15. Ne4 Nxe4 16. Rxe4 Rbe7 17. Ra4 Nb7 18. Be4 Bd7 19. g4 h5 20. Nh2 Nd6 21. d3
f5 22. Bf3 e4 23. dxe4 Nxe4 24. Bxe4 Rxe4 25. Rxe4 Rxe4 26. gxh5 Rh4 27. Kg2
Rxh5 28. Bf4 Be6 29. Bd2 Bd5+ 30. Kg3 Rh6 31. Nf1 Rg6+ 32. Kh4 Bf3 33. Re1
Bxf2+ 34. Ng3 Bxg3# 0-1

[Event "European Youth Chess Championship B10"]
[Site "Prague, Top Hotel Prague"]
[Date "2016.08.26"]
[Round "8.46"]
[White "Vojic, Isak"]
[Black "Weissenhofer, Jonas"]
[Result "1-0"]
[WhiteElo "1519"]
[BlackElo "1402"]
[PlyCount "103"]
[EventDate "2016.08.18"]

1. e4 e5 2. Nf3 Nf6 3. Nxe5 d6 4. Nf3 Nxe4 5. Nc3 Nxc3 6. dxc3 Be7 7. Bd3 O-O
8. Be3 Be6 9. Qd2 Nd7 10. O-O-O a5 11. Kb1 c6 12. h3 b5 13. Nd4 Bd5 14. Nf5 Bf6
15. Rhg1 Ne5 16. Bxb5 cxb5 17. Qxd5 Be7 18. Nxd6 Bxd6 19. Qxd6 Qxd6 20. Rxd6
Nc4 21. Rd5 Nxe3 22. fxe3 Rfb8 23. Rgd1 Kf8 24. Rd7 Re8 25. Re1 Ra6 26. Kc1 Rg6
27. Re2 Rge6 28. Kd2 g6 29. Rd5 Rb8 30. Rf2 Ke7 31. Rc5 f5 32. Rc7+ Kf6 33.
Rxh7 Rd8+ 34. Ke2 Rde8 35. Rf3 Kg5 36. Kf2 Re4 37. Rd7 R8e5 38. Rd4 Kh6 39.
Rxe4 Rxe4 40. Rf4 Kg5 41. Rxe4 fxe4 42. b3 Kf5 43. c4 b4 44. Kg3 g5 45. c5 Ke5
46. c6 Kd6 47. c7 Kxc7 48. Kg4 Kd7 49. Kxg5 Ke7 50. Kf5 Kf7 51. Kxe4 Ke6 52. h4
1-0

[Event "European Youth Chess Championship B10"]
[Site "Prague, Top Hotel Prague"]
[Date "2016.08.26"]
[Round "8.47"]
[White "Aguado, Doncel Pablo Luis"]
[Black "Sustek, Adam"]
[Result "1-0"]
[WhiteElo "1514"]
[BlackElo "1368"]
[PlyCount "73"]
[EventDate "2016.08.18"]

1. d4 d6 2. Nf3 Nf6 3. Nc3 c6 4. a4 a5 5. e4 Nbd7 6. Bc4 h6 7. O-O e5 8. Ba2
Be7 9. Re1 Qb6 10. dxe5 dxe5 11. Nh4 Nc5 12. Nf5 Bxf5 13. exf5 Qc7 14. Be3 O-O
15. Qe2 Rfe8 16. Qc4 Ncd7 17. Qxf7+ Kh8 18. Qg6 Nf8 19. Qg3 Bd6 20. Qh4 N8h7
21. Rad1 Rad8 22. Ne4 Nxe4 23. Qxe4 Nf6 24. Qh4 Rf8 25. c3 Be7 26. Qh3 Nh7 27.
Be6 Bg5 28. Bxg5 Nxg5 29. g3 Rd6 30. Rxd6 Qxd6 31. Qg4 Qc5 32. Rd1 g6 33. h4
gxf5 34. Qh5 Rf6 35. hxg5 Rxe6 36. Rd8+ Kg7 37. gxh6+ 1-0

[Event "European Youth Chess Championship B10"]
[Site "Prague, Top Hotel Prague"]
[Date "2016.08.26"]
[Round "8.48"]
[White "Kabadayi, Suleyman Arda"]
[Black "Davidov, Lazar"]
[Result "1-0"]
[WhiteElo "1487"]
[BlackElo "1292"]
[PlyCount "33"]
[EventDate "2016.08.18"]

1. e4 e6 2. d4 d5 3. Nc3 dxe4 4. Nxe4 Nd7 5. Nf3 Ngf6 6. Nxf6+ Nxf6 7. Bg5 a6
8. Bd3 c5 9. O-O Be7 10. dxc5 Bxc5 11. Qd2 O-O 12. Rad1 Be7 13. Rfe1 h6 14.
Bxh6 gxh6 15. Qxh6 Qd5 16. Re5 Qxe5 17. Nxe5 1-0

[Event "European Youth Chess Championship B10"]
[Site "Prague, Top Hotel Prague"]
[Date "2016.08.26"]
[Round "8.49"]
[White "Scurtu, Alexandr"]
[Black "Kopaloff, Liam"]
[Result "1-0"]
[WhiteElo "1335"]
[BlackElo "1479"]
[PlyCount "79"]
[EventDate "2016.08.18"]

1. e4 e5 2. Nf3 Nf6 3. Nc3 Nc6 4. Bb5 Nd4 5. Ba4 Bc5 6. d3 O-O 7. Nxe5 d6 8.
Nc4 d5 9. exd5 Nxd5 10. Ne3 Be6 11. Ncxd5 Bxd5 12. c3 Nc6 13. d4 Be7 14. O-O
Bg5 15. Nxd5 Qxd5 16. Bb3 Qd8 17. Bxg5 Qxg5 18. Qc1 Qf6 19. Re1 Rfe8 20. Qd2
Ne7 21. Re2 Ng6 22. Rae1 Red8 23. Re3 Qd6 24. Rf3 Rd7 25. Re4 b5 26. Qe2 Qc6
27. Re8+ Nf8 28. Rxa8 Qxa8 29. Qxb5 Re7 30. Qf1 Re8 31. h3 Kh8 32. Qc4 Ne6 33.
Qa4 Qb8 34. Bxe6 Rxe6 35. Rxf7 c5 36. Qd1 Qd8 37. Qf3 Re1+ 38. Kh2 Qb8+ 39. g3
Re8 40. dxc5 1-0

[Event "European Youth Chess Championship B10"]
[Site "Prague, Top Hotel Prague"]
[Date "2016.08.26"]
[Round "8.51"]
[White "Pistalovic, Slobodan"]
[Black "Simon, Leonard"]
[Result "1-0"]
[WhiteElo "1458"]
[BlackElo "1135"]
[PlyCount "35"]
[EventDate "2016.08.18"]

1. e4 e6 2. d4 d5 3. Nd2 Nc6 4. c3 Nf6 5. e5 Nd7 6. Ngf3 Be7 7. Bd3 Nb6 8. O-O
Bd7 9. Nb3 O-O 10. Nc5 Qc8 11. Re1 f6 12. Ng5 fxg5 13. Qh5 g6 14. Bxg6 Rf7 15.
Bxf7+ Kf8 16. Qxh7 Bxc5 17. Qg8+ Ke7 18. Bxg5# 1-0

[Event "European Youth Chess Championship B10"]
[Site "Prague, Top Hotel Prague"]
[Date "2016.08.26"]
[Round "8.55"]
[White "Zachary, Bastian"]
[Black "Sahinoz, Giulio O"]
[Result "1-0"]
[WhiteElo "1621"]
[BlackElo "1385"]
[PlyCount "67"]
[EventDate "2016.08.18"]

1. d4 Nf6 2. Nf3 g6 3. c4 Bg7 4. Nc3 d5 5. e3 O-O 6. Be2 c5 7. dxc5 dxc4 8.
Qxd8 Rxd8 9. Bxc4 Bg4 10. Ne5 Be6 11. Bxe6 fxe6 12. Nf3 Na6 13. c6 bxc6 14. Nd4
Rd6 15. Ke2 e5 16. Nf3 Nd5 17. Nxd5 cxd5 18. Bd2 e4 19. Nd4 Bxd4 20. exd4 Kg7
21. Rhc1 h6 22. a3 Rb6 23. b4 Rab8 24. Rc2 g5 25. Rac1 Rf8 26. Rc6 e6 27. Rxb6
axb6 28. Rc6 Rb8 29. b5 Nc5 30. dxc5 bxc5 31. Rxc5 Kf6 32. Bc3+ Kf5 33. a4 Ra8
34. b6 1-0

[Event "European Youth Chess Championship B10"]
[Site "Prague, Top Hotel Prague"]
[Date "2016.08.26"]
[Round "8.56"]
[White "Stevanovic, Jovan"]
[Black "Cerny, Michal"]
[Result "1-0"]
[WhiteElo "1584"]
[BlackElo "1309"]
[PlyCount "73"]
[EventDate "2016.08.18"]

1. c4 c6 2. Nc3 Nf6 3. d4 d5 4. b3 Bf5 5. Nf3 e6 6. Bb2 Bd6 7. g3 O-O 8. Bg2
Nbd7 9. O-O Re8 10. e3 h6 11. Re1 Qc7 12. Rc1 Qa5 13. Qe2 Ba3 14. Red1 Bxb2 15.
Qxb2 Ne4 16. Nxe4 Bxe4 17. Ne1 Nf6 18. Nd3 Bxd3 19. Rxd3 Rad8 20. b4 Qb6 21. c5
Qc7 22. b5 Rb8 23. Rb3 Nd7 24. Qa3 Ra8 25. Rcb1 Red8 26. Bf1 e5 27. Qa4 exd4
28. exd4 f6 29. Bh3 cxb5 30. Qxb5 Nf8 31. Bg2 Qf7 32. Re3 Kh8 33. Qb3 Re8 34.
Qxb7 Qxb7 35. Rxb7 Ng6 36. h4 Nf8 37. Ree7 1-0

[Event "European Youth Chess Championship B10"]
[Site "Prague, Top Hotel Prague"]
[Date "2016.08.26"]
[Round "8.57"]
[White "Stefanou, Konstantinos"]
[Black "Akulov, Mikhail"]
[Result "1-0"]
[WhiteElo "1357"]
[BlackElo "1542"]
[PlyCount "169"]
[EventDate "2016.08.18"]

1. c4 Nf6 2. Nc3 g6 3. e3 Bg7 4. Nge2 O-O 5. g3 d6 6. Bg2 e5 7. O-O Nc6 8. d4
Bd7 9. b3 Qc8 10. Bb2 Bh3 11. a3 Bxg2 12. Kxg2 a5 13. Qc2 Nh5 14. Nd5 Kh8 15.
b4 Qd8 16. Rfd1 Nf6 17. Nxf6 Qxf6 18. b5 Nb8 19. dxe5 dxe5 20. Rd2 Qe6 21. Rad1
c6 22. Rd8 cxb5 23. cxb5 f6 24. Qc7 Nc6 25. bxc6 Qxc6+ 26. Qxc6 bxc6 27. Rxf8+
Rxf8 28. Rd6 Rc8 29. f4 Kg8 30. fxe5 fxe5 31. Rd7 c5 32. Rd5 c4 33. Rxa5 e4 34.
Bxg7 Kxg7 35. Rb5 Ra8 36. Rb4 Rxa3 37. Kf2 c3 38. Rc4 Kf6 39. Nxc3 Kf5 40. Nxe4
Ra2+ 41. Kg1 Re2 42. Nf2 Rxe3 43. Kg2 Ra3 44. Rc7 h5 45. Rc5+ Kf6 46. Rc2 Kg7
47. Nh3 Ra5 48. Nf4 Ra6 49. Re2 Kf6 50. Rc2 Rd6 51. Rc5 Rd2+ 52. Kh3 g5 53.
Nxh5+ Kg6 54. g4 Kh7 55. Rxg5 Kh8 56. Ng3 Rd3 57. Kh4 Rd2 58. h3 Rh2 59. Rh5+
Kg8 60. Kg5 Ra2 61. h4 Ra6 62. Nf5 Rb6 63. Kf4 Rb4+ 64. Kf3 Rb3+ 65. Ne3 Kg7
66. Rf5 Kh6 67. h5 Ra3 68. Rf6+ Kg5 69. Rg6+ Kh4 70. h6 Kh3 71. h7 Kh2 72.
h8=Q+ Kg1 73. Kf4 Ra4+ 74. Ke5 Ra3 75. Qh3 Rxe3+ 76. Qxe3+ Kg2 77. g5 Kh2 78.
Rh6+ Kg2 79. Qh3+ Kf2 80. Rf6+ Ke2 81. Qg2+ Kd3 82. Rf3+ Kc4 83. Qc2+ Kb5 84.
Rb3+ Ka4 85. Qa2# 1-0

[Event "European Youth Chess Championship B10"]
[Site "Prague, Top Hotel Prague"]
[Date "2016.08.26"]
[Round "8.58"]
[White "Kanak, Matyas"]
[Black "Sorensen, Marius Boss"]
[Result "0-1"]
[WhiteElo "1222"]
[BlackElo "1447"]
[PlyCount "43"]
[EventDate "2016.08.18"]

1. e4 c5 2. Nf3 Nc6 3. d4 cxd4 4. Nxd4 Nf6 5. Nc3 e5 6. Ndb5 d6 7. Bg5 a6 8.
Na3 b5 9. Bxf6 gxf6 10. Nd5 f5 11. exf5 Bxf5 12. c3 Bg7 13. Nc2 O-O 14. Nce3
Bg6 15. Bd3 Ne7 16. Nxe7+ Qxe7 17. Nd5 Qd8 18. O-O Rc8 19. f4 exf4 20. Rxf4 Re8
21. Bxg6 hxg6 22. Rf3 0-1

[Event "European Youth Chess Championship B10"]
[Site "Prague, Top Hotel Prague"]
[Date "2016.08.26"]
[Round "8.61"]
[White "Thorisson, Benedikt"]
[Black "Shelukhin, Ivan"]
[Result "1/2-1/2"]
[WhiteElo "1265"]
[BlackElo "1158"]
[PlyCount "73"]
[EventDate "2016.08.18"]

1. e4 e5 2. Nf3 Nc6 3. d4 exd4 4. Bc4 Bc5 5. O-O d6 6. Ng5 Ne5 7. Qe2 h6 8. Nf3
Bg4 9. Nbd2 a6 10. h3 Bh5 11. Bd5 c6 12. Bc4 Nf6 13. b3 O-O 14. Bb2 Bxf3 15.
Nxf3 Nxc4 16. Qxc4 Nxe4 17. Rad1 d5 18. Qd3 Qb6 19. Nxd4 Rfe8 20. c4 dxc4 21.
Qxc4 Bb4 22. Nf5 Nd2 23. Qg4 g6 24. Nxh6+ Kf8 25. Qf4 Re7 26. Qf6 Ke8 27. Qh8+
Kd7 28. Qxa8 Re8 29. Bd4 Rxa8 30. Bxb6 c5 31. Rfe1 Kc6 32. Bxc5 Kxc5 33. Re2
Rd8 34. a3 Nf3+ 35. gxf3 Rxd1+ 36. Kg2 Bxa3 37. Ng4 1/2-1/2